Understanding Sunday school : (Record no. 27520)
[ view plain ]
| 000 -LEADER | |
|---|---|
| fixed length control field | 00626nam a22002051a 4500 |
| 001 - CONTROL NUMBER | |
| control field | 3081066 |
| 005 - DATE AND TIME OF LATEST TRANSACTION | |
| control field | 20150725020008.0 |
| 008 - FIXED-LENGTH DATA ELEMENTS--GENERAL INFORMATION | |
| fixed length control field | 810323s1981 ilu b 000 0 eng d |
| 020 ## - INTERNATIONAL STANDARD BOOK NUMBER | |
| International Standard Book Number | 0910566062 |
| 035 ## - SYSTEM CONTROL NUMBER | |
| System control number | (OCoLC)ocm07253527 |
| 035 ## - SYSTEM CONTROL NUMBER | |
| System control number | (NIUdb)548795 |
| 040 ## - CATALOGING SOURCE | |
| Original cataloging agency | CAP |
| Transcribing agency | CAP |
| Modifying agency | JNA |
| -- | NIUdb |
| 245 00 - TITLE STATEMENT | |
| Title | Understanding Sunday school : |
| Remainder of title | Leaders and teachers building together. |
| 250 ## - EDITION STATEMENT | |
| Edition statement | 1st. ed. |
| 260 ## - PUBLICATION, DISTRIBUTION, ETC. (IMPRINT) | |
| Place of publication, distribution, etc | Wheaton, Illinois : |
| Name of publisher, distributor, etc | Evangelical Teacher Training Association, |
| Date of publication, distribution, etc | c1981. |
| 300 ## - PHYSICAL DESCRIPTION | |
| Extent | 96 p. ; 22 cm. |
| 650 #0 - SUBJECT ADDED ENTRY--TOPICAL TERM | |
| Topical term or geographic name as entry element | Religious education |
| General subdivision | Teachers |
| -- | Training of. |
| 650 #0 - SUBJECT ADDED ENTRY--TOPICAL TERM | |
| Topical term or geographic name as entry element | Sunday schools. |
| 942 00 - ADDED ENTRY ELEMENTS (KOHA) | |
| Koha issues (borrowed), all copies | 4 |
| Withdrawn status | Lost status | Source of classification or shelving scheme | Damaged status | Not for loan | Collection code | Home library | Current library | Shelving location | Date acquired | Cost, normal purchase price | Total Checkouts | Total Renewals | Full call number | Barcode | Date last seen | Date checked out | Copy number | Price effective from | Koha item type |
|---|---|---|---|---|---|---|---|---|---|---|---|---|---|---|---|---|---|---|---|
| Library of Congress Classification | General Circulation | AIU/NEGST - Tony Wilmot Memorial Library | AIU/NEGST - Tony Wilmot Memorial Library | General Stacks | 01/07/2010 | 7.34 | 11 | 1 | BV 1521.U53 1981 | R20484W3232 | 04/14/2026 | 03/12/2026 | 1 | 01/07/2010 | Books |
